00763cam a22002534a 450000100090000000300050000900500170001400800410003101000170007202000280008904000180011704200080013505000240014308200080016710000240017524500740019925000120027326000400028530000630032550000510038865000200043970000220045970000280048113251443PILC20150617113302.0030625s2004 maua b 001 0 eng  a 2003059968 a0072823402 (alk. paper) aDLCcDLCdDLC apcc00aHB 172.5b.D67 200400a3391 aDornbusch, Rudiger.10aMacroeconomics /cRudiger Dornbusch, Stanley Fischer, Richard Startz. a9th ed. aBoston :bMcGraw-Hill/Irwin,c2004. axxii, 613 pages :billustrations (chiefly color) ;c24 cm. aIncludes bibliographical references and index. 0aMacroeconomics.1 aFischer, Stanley.1 aStartz, Richard,d1952-